ბათუმის შოთა რუსთაველის სახელმწიფო უნივერსიტეტის ბიბლიოთეკა

Atlas of pediatric physical diagnosis / (ბიბ.ჩანაწერი № 59644)

000 -LEADER
fixed length control field 00807cam a22002294a 4500
001 - CONTROL NUMBER
control field 14480591
005 - DATE AND TIME OF LATEST TRANSACTION
control field 20230328161845.0
008 - FIXED-LENGTH DATA ELEMENTS--GENERAL INFORMATION
fixed length control field 060802s2007 paua b 001 0 eng
020 ## - INTERNATIONAL STANDARD BOOK NUMBER
International Standard Book Number 9780323048781
041 ## - LANGUAGE CODE
Language code of text/sound track or separate title eng
080 ## - UNIVERSAL DECIMAL CLASSIFICATION NUMBER
Universal Decimal Classification number 616-053.2 A-90
245 00 - TITLE STATEMENT
Title Atlas of pediatric physical diagnosis /
Statement of responsibility, etc. [edited by] Basil J. Zitelli, Holly W. Davis.
250 ## - EDITION STATEMENT
Edition statement 5th ed.
264 ## - PRODUCTION, PUBLICATION, DISTRIBUTION, MANUFACTURE, AND COPYRIGHT NOTICE
Place of production, publication, distribution, manufacture Philadelphia :
Name of producer, publisher, distributor, manufacturer Mosby/Elsevier,
Date of production, publication, distribution, manufacture, or copyright notice 2007.
300 ## - PHYSICAL DESCRIPTION
Extent 966 p. :
Other physical details ill. ;
Dimensions 31 cm.
653 ## - INDEX TERM--UNCONTROLLED
keyword პედიატრია
653 ## - INDEX TERM--UNCONTROLLED
keyword მედიცინა
700 1# - ADDED ENTRY--PERSONAL NAME
Personal name Zitelli, Basil J.
Fuller form of name
Relator term რედაქტორი
9 (RLIN) 17297
700 1# - ADDED ENTRY--PERSONAL NAME
Personal name Davis, Holly W.
Relator term რედაქტორი
9 (RLIN) 17298
856 41 - ELECTRONIC LOCATION AND ACCESS
Materials specified Table of contents only
Uniform Resource Identifier http://www.loc.gov/catdir/toc/ecip0618/2006025411.html
942 ## - ADDED ENTRY ELEMENTS (KOHA)
Source of classification or shelving scheme
Koha item type წიგნი
ეგზემპლარები
Withdrawn status Lost status Source of classification or shelving scheme Damaged status Not for loan Permanent Location Current Location Shelving location Date acquired Cost, normal purchase price Full call number Barcode Date last seen Copy number Price effective from Koha item type Public note
          ბათუმის შოთა რუსთაველის სახელმწიფო უნივერსიტეტის მთავარი ბიბლიოთეკა ბათუმის შოთა რუსთაველის სახელმწიფო უნივერსიტეტის მთავარი ბიბლიოთეკა წიგნსაცავი 2023-03-28 50.00 616-053.2 A-90 64089 2023-03-28 64089 2023-03-28 წიგნი 50 ლ.